|
|
|
|
| LEADER |
00000cam a2200000 4500 |
| 001 |
vtls012271658 |
| 003 |
SK-MaSNL |
| 005 |
20260301205940.0 |
| 008 |
250220s2024 xo a c p 000 0 slo |
| 015 |
|
|
|a SNBA2025/03
|
| 020 |
|
|
|a 9788010043859
|q (brožované)
|
| 040 |
|
|
|a SNK
|b slo
|c SNK
|e rda
|
| 041 |
0 |
|
|a slo
|
| 044 |
|
|
|a xo
|c SK
|
| 072 |
|
7 |
|a 51
|x Matematika
|2 konspekt
|
| 072 |
|
7 |
|a 37.016
|x Učebné osnovy. Vyučovacie predmety. Učebnice
|2 konspekt
|
| 080 |
|
|
|a 51
|2 2011
|
| 080 |
|
|
|a (075.2)
|2 2011
|
| 080 |
|
|
|a 514
|2 2011
|
| 100 |
1 |
|
|a Čeretková, Soňa,
|d 1960-
|4 aut
|9 247825
|
| 245 |
1 |
0 |
|a Matematika 5
|b pre 5. ročník základnej školy
|c Soňa Čeretková, Ondrej Šedivý, Ivan Teplička
|
| 250 |
|
|
|a Štvrté vydanie
|
| 264 |
|
1 |
|a Bratislava
|b Slovenské pedagogické nakladateľstvo
|c 2024
|
| 300 |
|
|
|a 160 strán
|b ilustrácie
|c 30 cm
|
| 336 |
|
|
|a text
|b txt
|2 rdacontent
|
| 336 |
|
|
|a statický obraz
|b sti
|2 rdacontent
|
| 337 |
|
|
|a bez média
|b n
|2 rdamedia
|
| 338 |
|
|
|a zväzok
|b nc
|2 rdacarrier
|
| 650 |
0 |
7 |
|a matematika
|2 SNKPH
|9 70174
|
| 650 |
0 |
7 |
|a Mathematics
|2 SNKPHeng
|9 265620
|
| 650 |
0 |
7 |
|a geometria
|2 SNKPH
|9 829
|
| 650 |
0 |
7 |
|a Geometry
|2 SNKPHeng
|9 268290
|
| 655 |
|
7 |
|a učebnice základných škôl
|2 SNKPH
|9 70187
|
| 655 |
|
7 |
|a Textbooks (elementary)
|2 SNKPHeng
|9 276977
|
| 700 |
1 |
|
|a Šedivý, Ondrej,
|d 1935-
|4 aut
|9 215415
|
| 700 |
1 |
|
|a Teplička, Ivan
|c (matematik)
|4 aut
|9 64967
|
| 700 |
1 |
|
|a Žitňanová, Tatiana,
|d 1956-
|4 ill
|9 86022
|
| 700 |
1 |
|
|a Urbán, Zsolt
|4 bjd
|9 26162
|
| 710 |
2 |
|
|a Slovenské pedagogické nakladateľstvo - Mladé letá
|4 pbl
|9 211357
|
| 852 |
|
|
|a Slovenská národná knižnica
|
| 919 |
|
|
|a 978-80-10-04385-9
|
| 954 |
|
|
|a odborná, vedecká literatúra pôvodná (slovenská)
|2 lita
|
| 999 |
|
|
|c 911997
|d 913927
|
| 952 |
|
|
|a SNK
|b SNK
|y PREZ
|7 0
|p 17A1564777
|o snkSB 101292
|i snk2025/2987
|8 0
|0 0
|1 0
|4 0
|d 2025-02-20
|f 1
|l 0
|r 2025-05-20 00:00:00
|w 2026-02-24
|